| 000 | 00392nam a2200157Ia 4500 | ||
|---|---|---|---|
| 008 | 221030s9999 xx 000 0 und d | ||
| 020 | _a9789386515049 | ||
| 041 | _aEnglish | ||
| 100 | _aM. P. Jain | ||
| 245 | 0 |
_aIndian Constitutional Law 8th Ed. _cby M. P. Jain |
|
| 250 | _a8th | ||
| 260 |
_bLexis Nexis _aGurgaon _c2018 |
||
| 300 | _a2059 | ||
| 650 | _aConstitutional Law | ||
| 942 | _cBK | ||
| 999 |
_c18846 _d18846 |
||